<?xml version="1.0" encoding="UTF-8"?><?xml-stylesheet type="text/xsl" href="static/style.xsl"?><OAI-PMH xmlns="http://www.openarchives.org/OAI/2.0/" xmlns:xsi="http://www.w3.org/2001/XMLSchema-instance" xsi:schemaLocation="http://www.openarchives.org/OAI/2.0/ http://www.openarchives.org/OAI/2.0/OAI-PMH.xsd"><responseDate>2026-04-29T12:23:01Z</responseDate><request verb="GetRecord" identifier="oai:repisalud.isciii.es:20.500.12105/6781" metadataPrefix="marc">https://repisalud.isciii.es/rest/oai/request</request><GetRecord><record><header><identifier>oai:repisalud.isciii.es:20.500.12105/6781</identifier><datestamp>2025-06-12T16:15:50Z</datestamp><setSpec>com_20.500.12105_2052</setSpec><setSpec>com_20.500.12105_2051</setSpec><setSpec>col_20.500.12105_19611</setSpec></header><metadata><record xmlns="http://www.loc.gov/MARC21/slim" xmlns:dcterms="http://purl.org/dc/terms/" xmlns:doc="http://www.lyncode.com/xoai" xmlns:xsi="http://www.w3.org/2001/XMLSchema-instance" xsi:schemaLocation="http://www.loc.gov/MARC21/slim http://www.loc.gov/standards/marcxml/schema/MARC21slim.xsd">
   <leader>00925njm 22002777a 4500</leader>
   <datafield ind2=" " ind1=" " tag="042">
      <subfield code="a">dc</subfield>
   </datafield>
   <datafield ind2=" " ind1=" " tag="720">
      <subfield code="a">Guerra-Neira, Ana</subfield>
      <subfield code="e">author</subfield>
   </datafield>
   <datafield ind2=" " ind1=" " tag="720">
      <subfield code="a">Rubio Muñoz, Jose Miguel</subfield>
      <subfield code="e">author</subfield>
   </datafield>
   <datafield ind2=" " ind1=" " tag="720">
      <subfield code="a">Roche, Jesus</subfield>
      <subfield code="e">author</subfield>
   </datafield>
   <datafield ind2=" " ind1=" " tag="720">
      <subfield code="a">Ochando, Jordi</subfield>
      <subfield code="e">author</subfield>
   </datafield>
   <datafield ind2=" " ind1=" " tag="720">
      <subfield code="a">Sarrión Auñón, Antonio</subfield>
      <subfield code="e">author</subfield>
   </datafield>
   <datafield ind2=" " ind1=" " tag="720">
      <subfield code="a">Berzosa, Pedro</subfield>
      <subfield code="e">author</subfield>
   </datafield>
   <datafield ind2=" " ind1=" " tag="720">
      <subfield code="a">Benito, Agustin</subfield>
      <subfield code="e">author</subfield>
   </datafield>
   <datafield ind2=" " ind1=" " tag="260">
      <subfield code="c">2006-06-19</subfield>
   </datafield>
   <datafield ind2=" " ind1=" " tag="520">
      <subfield code="a">BACKGROUND: In this paper we analyse the Plasmodium sp. prevalence in three villages with different isolation status on the island of Bioko (Equatorial Guinea) where malaria is a hyper-endemic disease. We also describe the genetic diversity of P. falciparum, using several plasmodia proteins as markers which show a high degree of polymorphism (MSP-1 and MSP-2). The results obtained from three different populations are compared in order to establish the impact of human movements and interventions. METHODS: Plasmodium sp. were analysed in three villages on Bioko Island (Equatorial Guinea), one of which (Southern) is isolated by geographical barriers. The semi-nested multiplex polymerase chain reaction (PCR) technique was used to determine the prevalence of the four human plasmodia species. The genotyping and frequency of P. falciparum populations were determined by PCR assay target polymorphism regions of the merozoite surface proteins 1 and 2 genes (MSP-1 and MSP-2). RESULTS: The data obtained show that there are no differences in plasmodia population flow between the Northwest and Eastern regions as regards the prevalence of the different Plasmodium species. The Southern population, on the other hand, shows a minor presence of P. malariae and a higher prevalence of P. ovale, suggesting some kind of transmission isolated from the other two. The P. falciparum genotyping in the different regions points to a considerable allelic diversity in the parasite population on Bioko Island, although this is somewhat higher in the Southern region than the others. There was a correlation between parasitaemia levels and the age of the individual with the multiplicity of infection (MOI). CONCLUSION: Results could be explained by the selection of particular MSP alleles. This would tend to limit diversity in the parasite population and leading up to the extinction of rare alleles. On the other hand, the parasite population in the isolated village has less outside influence and the diversity of P. falciparum is maintained higher. The knowledge of parasite populations and their relationships is necessary to study their implications for control intervention.</subfield>
   </datafield>
   <datafield ind1="8" ind2=" " tag="024">
      <subfield code="a">Int J Health Geogr. 2006; 5: 27.</subfield>
   </datafield>
   <datafield ind1="8" ind2=" " tag="024">
      <subfield code="a">10.1186/1476-072X-5-27</subfield>
   </datafield>
   <datafield ind1="8" ind2=" " tag="024">
      <subfield code="a">1476-072X</subfield>
   </datafield>
   <datafield ind1="8" ind2=" " tag="024">
      <subfield code="a">1476072X</subfield>
   </datafield>
   <datafield ind1="8" ind2=" " tag="024">
      <subfield code="a">International journal of health geographics</subfield>
   </datafield>
   <datafield ind1="8" ind2=" " tag="024">
      <subfield code="a">16784527</subfield>
   </datafield>
   <datafield ind1="8" ind2=" " tag="024">
      <subfield code="a">http://hdl.handle.net/20.500.12105/6781</subfield>
   </datafield>
   <datafield ind2="0" ind1="0" tag="245">
      <subfield code="a">Plasmodium diversity in non-malaria individuals from the Bioko Island in Equatorial Guinea (West Central-Africa)</subfield>
   </datafield>
</record></metadata></record></GetRecord></OAI-PMH>